| 000 | 01376nam a2200361 a 4500 | ||
|---|---|---|---|
| 001 | 000115237 | ||
| 003 | CHAP | ||
| 005 | 20220329144525.0 | ||
| 008 | 190117s2018 mx a sm |||||||spa d | ||
| 010 | _a111698 | ||
| 011 | _a112670 | ||
| 040 | _cCHAP | ||
| 090 | _aTesis | ||
| 100 | 1 |
_aMoreno encarnación, Juan. _9136270 |
|
| 245 | 1 | 0 |
_aEfecto de mezclas insecticidas sobre una población de mosca blanca en frijol en condiciones in vitro / _h[En línea] _cpor Juan Moreno Encarnación. |
| 260 |
_aChapingo, Méx. : _bEl autor, _c2018. |
||
| 500 | _aPara ver el contenido del material haga clic en la liga | ||
| 502 | _aTesis (Ing. Agr. Esp. en Parasitología Agrícola) -- UACH. Departamento de Parasitología Agrícola | ||
| 590 |
_aBATCH-UPD _b10 _c20190621 _lUCH01 _h1256 |
||
| 590 |
_aE11695DGD _b10 _c20190621 _lUCH01 _h1255 |
||
| 590 |
_aE8697GMM _b05 _c20190117 _lUCH01 _h1142 |
||
| 590 |
_aE8697GMM _b05 _c20190117 _lUCH01 _h1236 |
||
| 590 |
_aE8697GMM _b05 _c20190507 _lUCH01 _h1457 |
||
| 590 |
_aE8697GMM _b05 _c20190517 _lUCH01 _h1513 |
||
| 650 | 1 | 4 |
_aFrijol _xPlagas. _943415 |
| 650 | 1 | 4 |
_aInsecticidas _xAplicación. _958857 |
| 650 | 1 | 4 |
_aInsecticidas _xEfecto en frijol. _958864 |
| 650 | 1 | 4 |
_aParaleyrodes perseae _xControl. _9130949 |
| 856 |
_aFinding aid _uhttp://10.13.5.2/tesis/sist115237.pdf _zTeclea aquí |
||
| 901 | _aBK | ||
| 942 | _cTESIS | ||
| 942 | _n0 | ||
| 999 |
_c111698 _d111698 |
||